[Event "GER-ch Amateurs"]
[Site "Bad Wildungen"]
[Date "2024.??.??"]
[Round "3"]
[White "Sklorz, Tobias"]
[Black "Frisch, Thomas"]
[Result "0-1"]
[WhiteElo "1843"]
[BlackElo "1792"]
[PlyCount "70"]
[EventDate "2024.08.03"]
[EventType "swiss"]
[EventRounds "5"]
[EventCountry "GER"]
[SourceTitle "CBM 221 Extra"]
[Source "ChessBase"]
[SourceDate "2024.09.30"]
[SourceVersion "1"]
[SourceVersionDate "2024.09.30"]
[SourceQuality "1"]

1. e4 c6 2. d4 d5 3. Nc3 dxe4 4. Nxe4 Nf6 5. Nxf6+ exf6 6. c3 Bd6 7. Bd3 0-0 8. Qc2 Re8+ 9. Ne2 h5 10. Be3 Nd7 11. 0-0-0 Nf8 12. Kb1 Be6 13. c4 Rc8 14. Nc3 a6 15. h3 Bb4 16. g4 Bxc3 17. Qxc3 h4 18. Bc2 b5 19. f4 Bxc4 20. g5 Bd5 21. Rhg1 Be4 22. Bf2 f5 23. Bxh4 g6 24. Bf2 Qd6 25. Qg3 Bxc2+ 26. Kxc2 Re2+ 27. Rd2 Rxd2+ 28. Kxd2 c5 29. Qe3 Rd8 30. Qe5 Qxe5 31. fxe5 Ne6 32. Rg3 Nxd4 33. Bxd4 Rxd4+ 34. Rd3 Rxd3+ 35. Kxd3 Kf8 0-1